000 00560 a2200181 4500
000 BKB
001 071052
005 20200902150921.0
008
082 _a515.382
_bK29T
100 1 _aKelley, Walter G.
245 1 _aThe theory of differential equations
_cby Walter G. Kelley and Allan C. Paterson
250 _a2nd ed.
260 _aNew York
_bSpringer
_c2010
300 _a423p.
690 _aDifferential equations; Mathematics; Differentiable dynamical systems
700 _aPaterson, Allan C.
_b
_c
999 _c4409
_d4409